| 000 | 00570nam a22001937a 4500 | ||
|---|---|---|---|
| 005 | 20251108172453.0 | ||
| 008 | 250721s9999 xx 000 0 ara d | ||
| 082 | 1 | 4 | _a792.15حاف |
| 100 | 1 | _aحافظ، صبري | |
| 245 | 1 | 0 | _aالتجريب والمسرح / |
| 264 | 1 |
_aالقاهرة : _bالهيئة المصرية العامة للكتاب، |
|
| 300 | _a213ص | ||
| 650 | 1 | 7 | _aالمسرح |
| 650 | 1 | 7 | _aالفنون الدرامية |
| 650 | 1 | 7 | _aالنقد الأدبي |
| 650 | 1 | 7 | _aالأدبالانجليزي |
| 942 |
_2ddc _cBK |
||
| 999 |
_c80192 _d80192 |
||